Agricultural Diversification: (Record no. 184256)

MARC details
000 -LEADER
fixed length control field 00639nam a22001817a 4500
005 - DATE AND TIME OF LATEST TRANSACTION
control field 20220117120817.0
010 ## - LCCN (DPL NO)
LC control number ENG-131161
020 ## - INTERNATIONAL STANDARD BOOK NUMBER
International Standard Book Number 978-93-90078-33-2
Terms of availability 795.00
035 ## - SYSTEM CONTROL NUMBER
System control number EN-114693
037 ## - SOURCE OF ACQUISITION
Source of stock number/acquisition DBAD
082 ## - DEWEY DECIMAL CLASSIFICATION NUMBER
Classification number 631.58
245 ## - TITLE STATEMENT
Title Agricultural Diversification:
Statement of responsibility, etc Edited by A.K. Sharma, Seema Wahab, Rashmi Srivastava
Remainder of title Problems and perspectives
260 ## - PUBLICATION, DISTRIBUTION, ETC. (IMPRINT)
Place of publication, distribution, etc New Delhi
Name of publisher, distributor, etc I.K. International Private Limited
Date of publication, distribution, etc 2020
270 ## - ADDRESS
City New Delhi
Address 4436/7,Ansari Road, Daryaganj
Postal code 110002
300 ## - PHYSICAL DESCRIPTION
Extent 214.p.
Dimensions 25cm(pbk)
700 ## - ADDED ENTRY--PERSONAL NAME
Personal name Sharma A.K. ,Wahab Seema, Srivastava Rashmi
942 ## - ADDED ENTRY ELEMENTS (KOHA)
Source of classification or shelving scheme Dewey Decimal Classification
Item type English Books
Classification part 631.58
Call number suffix AGR
Holdings
Withdrawn status Lost status Not for loan Collection code Home library Current library Date acquired Source of acquisition Cost, normal purchase price Full call number Barcode Copy number Cost, replacement price Koha item type
      Non-fiction Ashok Vihar Ashok Vihar 17/01/2022 DBAD/PUB 795.00 631.58 AGR EN-114693 1 795.00 English Books

© Delhi Public Library
Hit Counter
free hit counter